000 01018nam0a22002531 4500
001 rc\2801423
005 20250529174717.0
035 _a(NLR Aleph) 006927438
090 _a7511777
_c7511777
100 _a20110915d1936 |||y0rusy50 ca
101 0 _arus
102 _aRU
105 _aa z |||||
200 1 _aИнструкция для поверки передвижных весов для глины грузоподъемностью до 1000 кг
210 _aМосква
_aЛенинград
_cСтандартгиз
_d1936
_eМосква
_gшкола ФЗУ треста "Полиграфкнига"
215 _a17 с., [2] с. "Для заметок"
_cчерт.
_d14х11 см.
225 1 _aВКС при СТО. Центральное управление мер и весов
_v№ 152
712 0 1 _aСССР
_bЦентральное упр. мер и весов
801 0 _aRU
_bNLR
_gpsbo
801 1 _aRU
_bELAR
_2rusmarc
852 _aNLR
_j36-8/1809
942 _cBOOK
980 _aNB